000
00283pab a2200121 454500
008
180718b xxu||||| |||| 00| 0 eng d
100
_a
Pandey, H.K
245
_a
Health and health education
650
_a
Education
650
_a
Health Services
773
_a
Civic Affairs
909
_a
2863
999
_c
2863
_d
2863